00590 2200205 4500001002100000005001500021035002000036007000300056008004100059020001800100082001100118084001700129100003300146245008500179250001100264260003600275300003500311650002800346990001000374INLIS00000000001014120220125012739 a0010-0122000342ta220125 g 0 ind  a9786022620778 a631.56 a631.56 HEN p0 aHENDRASTY, Henny Krissetiana1 aPengemasan & Penyimpanan Bahan Pangan /cIr. Hj. Henny Krissetiana Hendrasty, MP aCet. 1 aYogyakarta :bGraha Ilmu,c2013 axii, 187 hlm ;c21.5 x 25.5 cm 4aPengemasan Bahan Pangan a15877